| 000 | 00327nam a2200121Ia 4500 | ||
|---|---|---|---|
| 005 | 20260326100035.0 | ||
| 008 | 260326s9999||||xx |||||||||||||| ||und|| | ||
| 100 | _aCaveri, Claudio | ||
| 245 | 0 |
_aEl Hombre a Través de la Arquitectura / _cClaudio Caveri |
|
| 260 | _bCarlos Lohlé | ||
| 650 | _aARQUITECTURA-GENERAL | ||
| 942 | _cBK | ||
| 999 |
_c6776 _d6776 |
||